| 000 | 01225nam0a2200301 4500 | ||
|---|---|---|---|
| 001 | RU\NLR\bibl\849345 | ||
| 005 | 20250614151521.0 | ||
| 021 |
_aRU _b2005-23084 _91173 |
||
| 035 | _a(NLR Aleph) 000838101 | ||
| 090 |
_a1403105 _c1403105 |
||
| 100 | _a20051006d2005 |||y0rusy50 ca | ||
| 101 | 0 |
_arus _deng |
|
| 102 | _aRU | ||
| 105 | _aa ||||||||| | ||
| 200 | 1 |
_aРезервуарные функции и модели эволюции резервуаров _fС.В. Туев _gРос. акад. наук, Вычисл. центр |
|
| 210 |
_aМосква _cВычислительный центр РАН _d2005 |
||
| 215 |
_a52, [1] с. _cил. _d20 |
||
| 225 | 1 | _aСообщения по прикладной математике | |
| 300 | _aРез. на англ. яз. | ||
| 320 | _aБиблиогр.: с. 51-52 (10 назв.) | ||
| 606 | 1 |
_aНефть _xДобыча _xМатематическое моделирование _91721593 _3RU\NLR\auth\66768281 |
|
| 686 | _aИ361-1с116 | ||
| 700 | 1 |
_aТуев _bС. В. _gСергей Вадимович _4070 |
|
| 801 | 0 |
_aRU _bNLR _c20051006 _grcr |
|
| 801 | 1 |
_aRU _bNLR _c20051006 |
|
| 942 | _cBOOK | ||
| 980 | _aNB | ||